Cyber security: Understanding cyber crimes, computer forensics and legal perspectives (Record no. 157938)

MARC details
000 -LEADER
fixed length control field 00415nam a2200145Ia 4500
008 - FIXED-LENGTH DATA ELEMENTS--GENERAL INFORMATION
fixed length control field 230917s9999||||xx |||||||||||||| ||und||
040 ## - CATALOGING SOURCE
-- 195515
Original cataloging agency VIVEKANANDA LIBRARY
041 ## - Language
-- English
082 ## - DDC NUMBER
Classification number 005.8 G591C
100 ## - MAIN ENTRY--PERSONAL NAME
Personal name Godbole, Nina
245 #0 - TITLE STATEMENT
Title Cyber security: Understanding cyber crimes, computer forensics and legal perspectives
260 ## - PUBLICATION, DISTRIBUTION, ETC. (IMPRINT)
Place of publication, distribution, etc New Delhi
Name of publisher, distributor, etc Wiley India
Date of publication, distribution, etc 2011
300 ## - PHYSICAL DESCRIPTION
Pages xlv, 570 p.
942 ## - ADDED ENTRY ELEMENTS (KOHA)
Koha item type Books
Holdings
Withdrawn status Lost status Damaged status Not for loan Location (home branch) Sublocation or collection (holding branch) Shelving location Date acquired Koha issues (times borrowed) Koha full call number Accession No. Koha date last seen Koha item type Source of classification or shelving scheme
        VIVEKANANDA LIBRARY VIVEKANANDA LIBRARY UIET Library 11/01/2012 11 005.8 G591C 289718 02/04/2026 Books  
        VIVEKANANDA LIBRARY VIVEKANANDA LIBRARY UIET Library 11/01/2012 5 005.8 G591C 289719 03/02/2025 Books  
Withdrawn Lost and paid for     VIVEKANANDA LIBRARY VIVEKANANDA LIBRARY UIET Library 11/01/2012   005.8 G591C 289720 17/09/2023 Books Dewey Decimal Classification
        VIVEKANANDA LIBRARY VIVEKANANDA LIBRARY UIET Library 11/01/2012 2 005.8 G591C 289721 16/09/2025 Books  
© Designed and Maintained by Vivekananda Library, MDU Rohtak